000 00424nam a2200181Ia 4500
008 230524s9999 xx 000 0 und d
020 _a9789385039164
082 _a625.1
_bRAN
100 _aS.C.Rangwala
245 0 _aRailway Engineering
250 _a26
260 _aGujurat
_bCharotar
_c2016
300 _a"xvi,431p;"
500 _aQuantity Number: 5
650 _aCivil
700 _aKetki B.Dalal
942 _cBK
999 _c60493
_d60493